000 00917nam a22002297a 4500
005 20120509161328.0
008 120509t xxu||||| |||| 00| 0 eng d
010 _aENG-105234
020 _a9788125046189
_c250.00
035 _aEN-88767
037 _bDBAD/PUB
040 _aDPL
_bEng
100 _946516
_aBeg, Farhatullah
245 _aBahadur Shah and the festival of flower-sellers /
_cby Mirza Farhatullah Beg ; translated into English of Farhatukllah Beg's modern Urdu classic Bahadur Shah aur phool valon ki sair by Mohammed Zakir
260 _aNew Delhi
_bOrient Blackswan
_c2012
270 _a1/24 Asaf Ali Road
_bNew Delhi
_e110002
300 _axxi,75p.
_c22cm(pbk)
500 _aIncludes bibliographical references
700 _aMohammed Zakir
_946760
942 _2ddc
_cEN
_mBEG
999 _c66394
_d66394